Countries by Coup d'états - Statistics

General Stats
  • This quiz has been taken 68 times
  • The average score is 10 of 12
Answer Stats
Year Hint Country % Correct
1923 An angry Austrian and his National Socialist party try to overthrow a city and start his evil empire. Germany
97%
1936 Rebels sought to overthrow the Second Republic, led to a costly civil war and Franco's rise to power. Spain
97%
1953 Egged on by the U.K. and U.S. autocrat Mohammed Reza Pahlavi overthrew the democratically elected leader. Iran
95%
2016 The Council for Peace at Home attempted to overthrow Erdogan's government. Turkey
95%
1952 Batista took over the government, angering a communist lawyer. Cuba
89%
1973 The communist Allende was overthrown by an authoritarian, anti-communist, U.S. backed junta. Chile
86%
1893 Queen Lili'uokalani is overthrown by Americans wanting to annex her kingdom. Hawaii
86%
1969 The monarchy is bloodlessly overthrown and a prominent colonel gains leadership until his 2011 assassination. Libya
86%
2021 Many prominent, democratically-elected politicians are imprisoned after Tatmadaw, a military junta. Myanmar
84%
44 BCE Brutus kills his friend in fear that he will ruin the republic. Roman Empire
78%
1999 Army General Musharraf overthrows the government, suspends the constitution and officially becomes president in 2002 with a suspicious 97.97% of the vote. Pakistan
66%
1971 The king of Scotland/commander of this country's army led an uprising against the government to retain his power. Uganda
64%
No matching quizzes found
Score Distribution
Percent of People with Each Score
Percentile by Number Answered
Your Score History
You have not taken this quiz